000 00661nam a22002055i 4500
001 178564
003 ES-MaACL
005 20230906220546.0
008 110608s2003 sp o |||| | spa d
020 _a84-03-09363-2
080 _a34.096 Grimau, Julián
080 _a929 Grimau, Julián
100 1 _aCarvajal Urquijo, Pedro.
_935943
245 1 0 _aJulián Grimau
_b: el último muerto de la guerra civil /
_cPedro Carvajal.
250 _a1ª ed.
260 _aMadrid :
_bAguilar,
_c2003.
300 _a263, [2] p. de fot. bl. y n. ;
_c24 cm.
600 1 4 _aGrimau, Julián-
_xProcesos.
_9146971
852 _aES-MaACL
_jE-15305
_z.- Dedicatoria del autor
999 _c178564
_d178564